Datum a čas kvízu
35.5
Celkem bodů
Celkový počet nahraných bodů na tomto kvízu bez doplňovacích otázek.
5.
Pořadí na kvízu
Konečné umístění týmu na tomto kvízu.
Zaznamenané odpovědi
| # | Otázka | Odpověď | Body | Výsledky |
|---|---|---|---|---|
| 1. | Ministr zahraničí České republ... | Madeleine Albrightová | 0 | |
| 2. | Dvaaosmdesátiletý prezident Ab... | Alžírsko | 0 | |
| 3. | Ve finské Heinole se koná MS v... | Žár | 0 | |
| 4. | Od 11. do 17. března proběhl n... | Týden mozku | 0 | |
| 5. | V minulých dnech bylo oznámeno... | do Saúdské Arábie | 1 | |
| 1. | Začneme seriály Breaking Bad (... | metamfetamin | 1 | |
| 2. | Hlavní postava seriálu Ve jmén... | Írán | 1 | |
| 3. | V seriálu Boardwalk Empire ovl... | Atlantic City | 1 | |
| 4. | Herečku Robin Wrightovou, jedn... | Forrest Gump | 1 | |
| 5. | Ve filmech jako Tmavomodrý svě... | David Novotný | 1 |